| 000 | 01171nam a22001817a 4500 | ||
|---|---|---|---|
| 999 |
_c57308 _d57308 |
||
| 005 | 20200219122645.0 | ||
| 008 | 200219s2019ge xxu||||| |||| 00| 0 geo d | ||
| 020 | _q15123901 | ||
| 041 | _ageo | ||
| 245 |
_aეკონომიკური პროფილი = Economic Profile : _b2019 № 19 : ქუთაისის უნივერსიტეტის რეფერირებადი და რეცენზირებადი საერთაშორისო სამეცნიერო -პრაქტიკული ჟურნალი / _cმთ.რედ. ნიკოლოზ ჩიხლაძე . |
||
| 260 |
_aქუთაისი : _bქუთაისის უნივერსიტეტის გამ-ბა, _c2019. |
||
| 300 | _aV. | ||
| 653 | _aეკონომიკა | ||
| 653 | _aპერიოდიკა | ||
| 700 |
_aჩიხლაძე, ნიკოლოზ _eმთავარი რედაქტორი _9107 |
||
| 856 |
_uhttp://dspace.nplg.gov.ge/bitstream/1234/315352/1/Ekonomikuri_Profili_2019_N19.pdf _ypdf ელექტრონული ვერსია |
||
| 942 |
_2udc _cCR |
||